Qualitative inquiry & research design : Choosing Among Five Approaches
Kaydedildi:
| Yazar: | |
|---|---|
| Materyal Türü: | Kitap |
| Dil: | Undetermined |
| Baskı/Yayın Bilgisi: |
California, Estados Unidos
Sage Publications
2007
|
| Konular: | |
| Etiketler: |
Etiketle
Etiket eklenmemiş, İlk siz ekleyin!
|
MARC
| LEADER | 00000nam a2200000Ia 4500 | ||
|---|---|---|---|
| 008 | 170316s9999 xx 000 0 und d | ||
| 090 | |a 415-I C-8q | ||
| 100 | |a Creswell, John W. | ||
| 245 | |a Qualitative inquiry & research design : Choosing Among Five Approaches | ||
| 260 | |a California, Estados Unidos | ||
| 260 | |b Sage Publications | ||
| 260 | |c 2007 | ||
| 300 | |a 395 páginas | ||
| 650 | |a GRAMÁTICA INGLESA | ||
| 650 | |a EN IDIOMA INGLÉS | ||
| 650 | |a METODOLOGÍA | ||
| 650 | |a INVESTIGACIÓN | ||
| 999 | |c 19334 |d 19334 | ||
| 040 | |a cru BVZT | ||
| 942 | |c 15 D |h 415-I C-8q |2 z | ||
